Histoire et royauté commençant par la lettre G - Statistiques

Statistiques générales
  • Ce quiz a été pris 82 fois
  • Le résultat moyen est 8 sur 20
Statistiques - réponses
Indice Réponse % Correct
Symbole de la Révolution française, utilisée pour exécuter le roi Louis XVI. Guillotine
99%
Dernier empereur allemand, monarchie abolie après la Première Guerre mondiale. Guillaume II
85%
Actrice américaine devenue princesse de Monaco. Grace Kelly
73%
Fondateur de l'Empire mongol. Gengis Khan
72%
Ils protègent les papes et assurent la sécurité du Vatican. Garde suisse
70%
Ville andalouse, dernière forteresse musulmane d’Espagne. Grenade
66%
Pays dont la dynastie des Bagrationi a régné jusqu'en 1801, avant l'annexion par la Russie. Géorgie
62%
Salle emblématique du château de Versailles, symbole du pouvoir royal en France. Galerie des Glaces
61%
Dynastie régnant sur Monaco. Grimaldi
61%
Duc Normand devenu roi d’Angleterre en 1066. Guillaume le Conquérant
55%
Cette même dynastie a régné sur ce pays. Grèce
39%
Avant la colonisation britannique, ce pays était l'Empire Ashanti, dirigé par le roi Asantehene. Ghana
34%
Son règne est marqué par la perte des 13 colonies américaines durant la guerre d'indépendance. George III
27%
Capitale de l’ancien Empire Songhaï, l'un des plus grands et des plus prospères empires ouest-africains. Gao
10%
Ancien titre de chef du gouvernement de l'Empire ottoman et des souverains marocains et tunisiens. Grand vizir
7%
Ville anglaise célèbre pour son abbaye où la tombe du roi Arthur aurait été découverte. Glastonbury
4%
Événement de 1688 ayant renversé le roi catholique Jacques II d'Angleterre au profit de sa fille protestante, Marie. Glorieuse Révolution
4%
Premier empereur de la dynastie Han en Chine, aussi appelé Liu Bang. Gaozu
3%
Ville impériale d’Éthiopie, capitale sous les empereurs abyssins. Gondar
3%
Dynastie régnant sur le Danemark. Glücksbourg
1%
Aucun quiz correspondant
Distribution des résultats
% des personnes avec chaque résultat
Percentile par nombre de réponses
Votre historique - résultats
Vous n’avez pas pris ce quiz